| 000 | 00789cam a22002534i 4500 | ||
|---|---|---|---|
| 008 | |||
| 020 | _a9781450489324 (hbk.) | ||
| 049 | _aMAIN | ||
| 090 |
_aGV1060.675.C6 _bTRA |
||
| 245 | 0 | 0 |
_aTrack & field coaching essentials / _cUSA Track & Field ; Will Freeman, editor |
| 260 |
_aChampaign : _bHuman Kinetics, _c[2015] |
||
| 300 |
_aviii, 360 p. : _bill. ; _c28 cm |
||
| 500 | _aIncludes index. | ||
| 500 | _aIncludes index. | ||
| 504 | _aIncludes bibliographical references. | ||
| 650 | 0 |
_aTrack and field _xCoaching _zUnited States |
|
| 700 | 1 | _aFreeman, Will | |
| 710 | 2 | _aUSA Track & Field | |
| 907 |
_a.b10387213 _b05-12-17 _c30-11-17 |
||
| 003 | |||
| 005 | 20230123122323.0 | ||
| 040 | _cNUST | ||
| 942 |
_cBOOKS _kGV1060.675.C6 _mTRA |
||
| 999 |
_c131613 _d131613 |
||